New headway English course : (Record no. 1456)
[ view plain ]
| 000 -LEADER | |
|---|---|
| fixed length control field | 01116nam a22003135a 4500 |
| 003 - CONTROL NUMBER IDENTIFIER | |
| control field | EG-ScBUE |
| 005 - DATE AND TIME OF LATEST TRANSACTION | |
| control field | 20220607123507.0 |
| 008 - FIXED-LENGTH DATA ELEMENTS--GENERAL INFORMATION | |
| fixed length control field | 150818r20011998enka f 000 0 eng d |
| 020 ## - INTERNATIONAL STANDARD BOOK NUMBER | |
| International Standard Book Number | 0194358003 (set) |
| 020 ## - INTERNATIONAL STANDARD BOOK NUMBER | |
| International Standard Book Number | 9780194358002 |
| 040 ## - CATALOGING SOURCE | |
| Original cataloging agency | EG-ScBUE |
| Language of cataloging | eng |
| Description conventions | rda |
| Transcribing agency | EG-ScBUE |
| Modifying agency | EG-ScBUE |
| 082 04 - DEWEY DECIMAL CLASSIFICATION NUMBER | |
| Classification number | 428.24 |
| Item number | SOA |
| Edition number | 22 |
| 100 1# - MAIN ENTRY--PERSONAL NAME | |
| Personal name | Soars, Liz, |
| Dates associated with a name | 1945- |
| Relator term | author. |
| 9 (RLIN) | 34639 |
| 245 10 - TITLE STATEMENT | |
| Title | New headway English course : |
| Remainder of title | upper-Intermediate, |
| Name of part/section of a work | Student's book / |
| Statement of responsibility, etc | Liz and John Soars. |
| 246 30 - VARYING FORM OF TITLE | |
| Title proper/short title | Student's book |
| 250 ## - EDITION STATEMENT | |
| Edition statement | Fifteenth impression. |
| 264 #1 - PUBLICATION, DISTRIBUTION, ETC. (IMPRINT) | |
| Place of publication, distribution, etc | Oxford ; |
| -- | New York : |
| Name of publisher, distributor, etc | Oxford University Press, |
| Date of publication, distribution, etc | 2001. |
| 300 ## - PHYSICAL DESCRIPTION | |
| Extent | 159 pages : |
| Other physical details | illustrations (some color) ; |
| Dimensions | 28 cm |
| 336 ## - CONTENT TYPE | |
| Source | rdacontent |
| Content type term | text |
| Content type code | txt |
| 337 ## - MEDIA TYPE | |
| Source | rdamedia |
| Media type term | unmediated |
| Media type code | n |
| 338 ## - CARRIER TYPE | |
| Source | rdacarrier |
| Carrier type term | volume |
| Carrier type code | nc |
| 650 #7 - SUBJECT ADDED ENTRY--TOPICAL TERM | |
| Topical term or geographic name as entry element | English language |
| Form subdivision | Textbooks for foreign speakers. |
| Source of heading or term | BUEsh |
| 650 #7 - SUBJECT ADDED ENTRY--TOPICAL TERM | |
| Topical term or geographic name as entry element | English language |
| General subdivision | Grammar |
| Form subdivision | Problems, exercises, etc. |
| Source of heading or term | BUEsh |
| 651 ## - SUBJECT ADDED ENTRY--GEOGRAPHIC NAME | |
| Source of heading or term | BUEsh |
| 653 ## - INDEX TERM--UNCONTROLLED | |
| Resource For college | Humanities: English |
| Arrived date list | August2015 |
| -- | November2018 |
| 655 ## - INDEX TERM--GENRE/FORM | |
| Form subdivision | Reading book |
| 9 (RLIN) | 34232 |
| 700 1# - ADDED ENTRY--PERSONAL NAME | |
| Personal name | Soars, John, |
| Dates associated with a name | 1951- |
| Relator term | author. |
| 9 (RLIN) | 2160 |
| 942 ## - ADDED ENTRY ELEMENTS (KOHA) | |
| Source of classification or shelving scheme | Dewey Decimal Classification |
| Koha item type | Book - Borrowing |
| Withdrawn status | Lost status | Source of classification or shelving scheme | Materials specified (bound volume or other part) | Damaged status | Not for loan | Home library | Current library | Shelving location | Date acquired | Source of acquisition | Total Checkouts | Total Renewals | Full call number | Barcode | Date last seen | Date checked out | Koha item type |
|---|---|---|---|---|---|---|---|---|---|---|---|---|---|---|---|---|---|
| Lost | Dewey Decimal Classification | Lost In Inventory_2005-2015/8/22 | Central Library | Central Library | Second Floor | 06/09/2012 | Purchase | 2 | 1 | 428.24 SOA | 000002957 | 23/05/2012 | 01/02/2012 | Book - Borrowing | |||
| Dewey Decimal Classification | Central Library | Central Library | Second Floor | 06/09/2012 | Purchase | 5 | 1 | 428.24 SOA | 000002956 | 15/07/2025 | 24/02/2016 | Book - Borrowing | |||||
| Dewey Decimal Classification | Central Library | Central Library | Second Floor | 06/09/2012 | Purchase | 2 | 428.24 SOA | 000002955 | 15/07/2025 | 18/09/2013 | Book - Borrowing | ||||||
| Dewey Decimal Classification | Central Library | Central Library | Second Floor | 06/09/2012 | Purchase | 2 | 1 | 428.24 SOA | 000002954 | 15/07/2025 | 27/04/2014 | Book - Borrowing | |||||
| Dewey Decimal Classification | Central Library | Central Library | Second Floor | 06/09/2012 | Purchase | 2 | 1 | 428.24 SOA | 000002953 | 15/07/2025 | 22/04/2014 | Book - Borrowing | |||||
| Dewey Decimal Classification | Central Library | Central Library | Second Floor | 06/09/2012 | Purchase | 4 | 428.24 SOA | 000002952 | 15/07/2025 | 23/11/2014 | Book - Borrowing | ||||||
| Dewey Decimal Classification | Central Library | Central Library | Second Floor | 06/09/2012 | Purchase | 2 | 428.24 SOA | 000002951 | 15/07/2025 | 18/09/2013 | NB - Book (Non borrowing) | ||||||
| Dewey Decimal Classification | Central Library | Central Library | Second Floor | 22/02/2007 | Purchase | 3 | 2 | 428.24 SOA | 000030141 | 15/07/2025 | 08/02/2018 | Book - Borrowing |